| 000 | 00479nam a22001697a 4500 | ||
|---|---|---|---|
| 005 | 20241030145736.0 | ||
| 008 | 241030b |||||||| |||| 00| 0 eng d | ||
| 020 | _a9780414070226 | ||
| 100 | _aHollington Robert Q.C. | ||
| 245 | _aHollington on Shareholders' Rights | ||
| 250 | _a First Supplement to the eighth Edition | ||
| 260 |
_aEngland _bThompson Reuters _c2018 |
||
| 300 |
_axviii, 72 pages _c23.5 cm |
||
| 500 | _aIncludes Index | ||
| 650 | _2Rights | ||
| 942 |
_2lcc _cBK _n0 |
||
| 999 |
_c380 _d380 |
||